| 000 | 00514nam a22001817a 4500 | ||
|---|---|---|---|
| 003 | 0 | ||
| 005 | 20231218064330.0 | ||
| 008 | 231104b xxu||||| |||| 00| 0 eng d | ||
| 020 | _a978-1-78244-240-0 | ||
| 050 |
_aTR _bJu95 2013 |
||
| 100 | _aKings, Gary | ||
| 245 |
_aJunkyard art : recycle rubbish into art! _cGary Kings |
||
| 260 |
_aUnited Kingdom _bTop That! Publishing _cc2013. |
||
| 300 |
_a32 pages : _bcolored illustrations ; _c28 cm. |
||
| 650 | _aRecycle (Art). | ||
| 650 | _aArt. | ||
| 942 |
_2lcc _cBK |
||
| 999 |
_c365555 _d365555 |
||